000 01066cam a2200133 4500500
005 20260405023054.0
041 _afre
042 _adc
100 1 0 _aMichaud, Yves
_eauthor
245 0 0 _aLa Guerre d'Algérie (1954-1962) : (Volume 14)
260 _bOdile Jacob,
_c2005.
520 _aQuelle place tient la guerre d’Algérie dans la mémoire des français ? Quel bilan peut-on faire de cette guerre d’indépendance ? Une émancipation pacifique aurait-elle été possible ? Quelle est la responsabilité des hommes politiques qui ont pris la décision d’engager la République dans des « opérations de maintien de l’ordre » et dans la façon dont celles-ci ont été menées ? Quarante ans après les accords d’Evian, cette série de conférences, organisée par l’Université de tous les savoirs, témoigne de la richesse et de l’actualité de la réflexion que suscite toujours cette période de notre histoire.
856 4 1 _uhttps://shs.cairn.info/la-guerre-d-algerie-1954-1962--9782738111906?lang=fr&redirect-ssocas=7080
999 _c2136701
_d2136701